000 01386cam a2200361 a 4500
001 105003
005 20230410142347.0
008 061113s20071993nyu b 001 0 eng
035 _a14631961
010 _a2006037762
020 _a9780809142774 (alk. paper)
020 _a0809142775 (alk. paper)
035 _a(OCoLC)ocm76786653
035 _a(OCoLC)76786653
040 _aDLC
_cDLC
_dBTCTA
_dC#P
_dYDXCP
_dBAKER
_dDLC
050 1 4 _aBX 830
_bS949r 2007
082 0 0 _a262/.52
100 1 _aSullivan, Maureen,
_cO.P.
245 1 4 _aThe road to Vatican II :
_bkey changes in theology /
_cMaureen Sullivan.
260 _aNew York :
_bPaulist Press,
_c2007c1993
300 _ax, 161 p. ;
_c23 cm.
440 0 _aReligión / Church History
500 _aCatholic church, Vatican Council 2nd. 1962
504 _aIncludes bibliographical references (p. 142-156) notes and index.
505 0 _aIntroduction -- Theology in transition -- The church looks at the world -- The church looks at the laity -- The church looks at itself -- Epilogue.
611 2 0 _aVatican Council
_n(2nd :
_d1962-1965)
610 2 0 _aCatholic Church
_xDoctrines.
610 2 0 _aCatholic Church
_xHistory
_y19th century.
610 2 0 _aCatholic Church
_xHistory
_y20th century.
856 4 1 _3Table of contents only
_uhttp://www.loc.gov/catdir/toc/ecip075/2006037762.html
942 _2lcc
_cbk
946 _aJPR
999 _c94255
_d94255